Corporate takeovers and productivity

Αποθηκεύτηκε σε:
Λεπτομέρειες βιβλιογραφικής εγγραφής
Κύριος συγγραφέας: Lichtenberg, Frank R.
Μορφή: Βιβλίο
Γλώσσα:English
Δημοσίευση: Cambridge, Mass. : MIT Press, c1992
Θέματα:
Ετικέτες: Προσθήκη ετικέτας
Δεν υπάρχουν, Καταχωρήστε ετικέτα πρώτοι!

MARC

LEADER 00000pam a2200000 i 4500
001 1/32803
008 981118s1992 eng d
020 |a 0262121646 
035 |l 10023820 
040 |a GR-MY-UA  |b gre  |e aacr 
041 0 |a eng 
082 0 |a 387.71  |2 (20) 
100 1 |a Lichtenberg, Frank R. 
245 1 0 |a Corporate takeovers and productivity /  |c Frank R. Lichtenberg 
260 |a Cambridge, Mass. :   |b MIT Press,   |c c1992 
300 |a x, 153 p.;  |c 24 cm 
504 |a Includes bibliographical references (p. 143-149) and index 
650 0 0 |a Labor productivity  |z United States. 
650 0 0 |a Consolidation and merger of corporations  |z United States. 
650 0 0 |a Airlines  |z United States  |x Case studies. 
852 |a INST  |b CHIOS  |e 19981118  |h 387.71 LIC  |p 005200004047  |q 005200004047  |t BK  |y 0 
909 |a Χ  |b 031308